|
|
|
|
| LEADER |
00000csc a2200000 a 4500 |
| 001 |
91529 |
| 003 |
Ucuenca |
| 005 |
20240113062636.0 |
| 008 |
000000|1945 ag |||||r|||||||||||spa|| |
| 040 |
|
|
|b spa
|
| 041 |
0 |
|
|a spa
|
| 082 |
0 |
|
|a 340
|
| 100 |
|
|
|a Costa, Joaquín
|9 10600
|
| 245 |
|
3 |
|a La Ignorancia del derecho
|c Joaquín Costa
|h imp
|
| 264 |
|
|
|a Buenos Aires
|b Partenón
|c 1945
|
| 300 |
|
|
|a 158 páginas:
|c 20 cm
|
| 490 |
|
|
|a Biblioteca de Extensión Cultural
|n no. 4
|
| 500 |
|
|
|a estudio preliminar de Guillermo Cabanellas
|
| 504 |
|
|
|a incl. ref.
|
| 650 |
|
0 |
|a Jurisprudencia
|9 16619
|
| 650 |
|
4 |
|a Derecho
|9 229
|
| 852 |
|
|
|a UC-CDJBV
|f Compra
|l 1
|m General
|p 00000000
|r 2
|t 91529
|b 0
|d CDRC
|e CDRC
|g 340 PRIMER PISO
|z 0000-00-00
|
| 942 |
|
|
|c CR
|2 ddc
|z diana.fajardo@ucuenca.edu.ec
|
| 999 |
|
|
|c 122378
|d 122378
|